Naruto: Tous les personnages Boruto - Statistiques

Statistiques générales
  • Ce quiz a été pris 888 fois
  • Le résultat moyen est 15 sur 64
Statistiques - réponses
Réponse % Correct
Boruto Uzumaki
84%
Mitsuki
78%
Sarada Uchiwa
75%
Shikadai Nara
58%
Chocho Akimichi
51%
Inojin Yamanaka
50%
Metal Lee
49%
Himawari Uzumaki
45%
Konohamaru Sarutobi
44%
Sasuke Uchiwa
42%
Kawaki
40%
Orochimaru
36%
Hinata Hyuga
35%
Iwabe
35%
Sakura Haruno
33%
Shikamaru Nara
33%
Sai
32%
Moegi
30%
Hanabi Hyuga
29%
Rock lee
29%
Temari
29%
Udon
29%
Ino Yamanaka
28%
Shino
27%
Tsunade
27%
Choji Akimichi
25%
Denki Kaminarimon
25%
Tenten
23%
Kiba
22%
Wasabi
22%
Namida
20%
Gai Maito
19%
Karui
18%
Mirai Sarutobi
18%
Sumire Kakei
18%
Kankuro
17%
Karin
16%
Shinki
16%
Suigetsu
15%
Jugo
14%
Isshiki Otsutsuki
13%
Hiashi Hyuga
12%
Onoki
12%
Yamato
11%
Akamaru
9%
Kinshiki Otsutsuki
9%
Shizune
9%
Anko Mitarashi
8%
Iruka Umino
8%
Kurenai Yuhi
8%
Urashiki Otsutsuki
7%
yodo
7%
Mei Terumi
6%
Kagura Karatachi
5%
Kakashi (6ème Hokage)
5%
Naruto (7ème Hokage)
5%
Akatsuchi
4%
Gaara (5ème Kazekage)
4%
Log
4%
Chojuro (6ème Mizukage)
3%
Kurotsuchi (4ème Tsuchikage)
3%
Momoshiki Otsustuki
3%
Akemaru
2%
Tamaki
2%
Aucun quiz correspondant
Distribution des résultats
% des personnes avec chaque résultat
Percentile par nombre de réponses
Votre historique - résultats
Vous n’avez pas pris ce quiz